History Quiz

Random History Quiz

U.S. Federal Agencies Quiz Stats

 Plays Quiz not verified by Sporcle

Score 0/30 Timer 08:00
0 Plays Today
% Correct
Defense
95.6%
Agriculture
94.9%
Commerce
94.9%
Homeland Security
94.9%
Defense
94.1%
State
94.1%
Justice
94.1%
Agriculture
93.4%
Education
93.4%
Treasury
92.6%
Justice
92.6%
HHS
92.6%
Veterans Affairs
92.6%
State
91.9%
Interior
91.9%
% Correct
Interior
91.9%
HUD
91.9%
HUD
91.9%
Education
91.9%
Homeland Security
91.9%
Treasury
91.2%
Energy
91.2%
Energy
91.2%
Labor
91.2%
Commerce
91.2%
HHS
91.2%
Veterans Affairs
91.2%
Transportation
91.2%
Labor
90.4%
Transportation
89.7%

You're not logged in!

Compare scores with friends on all Sporcle quizzes.
OR
Log In

Sporcle TV

Today on Sporcle TV


Watch our educational content, quiz creation guides, and fun videos on Sporcle TV.

Show Comments

Extras

Top Quizzes Today


Score Distribution

Your Account Isn't Verified!

In order to create a playlist on Sporcle, you need to verify the email address you used during registration. Go to your Sporcle Settings to finish the process.

Report this User

Report this user for behavior that violates our Community Guidelines.

Details: